Corso di scienza di amministrazione sociale (Record no. 162859)

MARC details
000 -LEADER
campo de control de longitud fija 00705nam a22001815i 4500
001 - NÚMERO DE CONTROL
campo de control 162859
003 - IDENTIFICADOR DE NÚMERO DE CONTROL
campo de control ES-MaACL
005 - FECHA Y HORA DE LA ÚLTIMA TRANSACCIÓN
campo de control 20230906212622.0
008 - DATOS DE LONGITUD FIJA--INFORMACIÓN GENERAL
campo de control de longitud fija 010517s1884 it |||| | ita d
040 ## - FUENTE DE CATALOGACIÓN
Centro catalogador/agencia de origen CCPB | B
Lengua de catalogación spa
Centro/agencia transcriptor CCPB | B
100 1# - ENTRADA PRINCIPAL--NOMBRE DE PERSONA
Nombre de persona Rabbeno, Aronne.
9 (RLIN) 131546
245 10 - MENCIÓN DEL TÍTULO
Título Corso di scienza di amministrazione sociale
Resto del título : parte speciale : ingerenza governativa sui diritti d'autore ed opere d'ingegno brevetti d'invenzione, marchi di fabbrica, ... /
Mención de responsabilidad, etc. per Aronne Rabbeno.
260 ## - PUBLICACIÓN, DISTRIBUCIÓN, ETC.
Lugar de publicación, distribución, etc. Firenze :
Nombre del editor, distribuidor, etc. Giuseppe Pellas,
Fecha de publicación, distribución, etc. 1884.
300 ## - DESCRIPCIÓN FÍSICA
Extensión 302 p. ;
Dimensiones 21 cm.
650 #4 - PUNTO DE ACCESO ADICIONAL DE MATERIA--TÉRMINO DE MATERIA
Término de materia o nombre geográfico como elemento de entrada Propiedad industrial-
Subdivisión geográfica Italia.
9 (RLIN) 136775
752 ## - ENTRADA AGREGADA--NOMBRE JERÁRQUICO DEL LUGAR
País o entidad superior Italia -
Ciudad Florencia
852 ## - LOCALIZACIÓN
Ubicación ES-MaACL
Número de control de estantería F-12944
Nota libre -- Enc. pasta
Holdings
Estatus retirado Estado de pérdida Estado de daño No para préstamo Colección Biblioteca de origen Biblioteca actual Ubicación en estantería Fecha de adquisición Fuente de adquisición Total de préstamos Signatura topográfica completa Código de barras Visto por última vez Precio de reemplazo Tipo de ítem Koha
        Libros del s. XIX Biblioteca del Ateneo de Madrid Biblioteca del Ateneo de Madrid Sala Pecera Planta 2 17/01/2008     F-12944 1170633 23/02/2023 23/02/2023 Libro impreso antiguo